000 00711 a2200205 4500
005 20100810101119.0
010 _aENG-99283
020 _c70.00
035 _aEN-82815
037 _bDBAD/PUB
082 _a921
100 _aIyer, Kolar Krishna
_99951
245 _aGreat Indian scientists :
_cby Kolar Krishna Iyer
_bmodern &ancient and India's ancient scientific glory /
260 _aVijayawada
_bNavaratna Book House
_c2008
270 _a# 28-22-20, Rahiman Street, Arundel Pet,
_bVijayawada
_e520002
300 _a176 p.
_c22cm.(pbk)
700 _99757
942 _adpl
_cEN
_2ddc
_mIYE
_h921
999 _c40584
_d40584